000 01200nam a22002057a 4500
005 20251108173329.0
008 250721s2001 xx 000 0 ara d
082 1 4 _aط/ 213/عدل
100 1 _aعدلي، محمود
_eNarr.
245 1 0 _aمن وصايا الرسول صلى الله عليه و سلم /
246 1 3 _aمن وصايا الرسول ( ج8) : 1- الإطعام العظيم 2-الحسنة بعشرة أمثالها 3- ثمار الحديقة 4-إنفاق فوق العادة 5-إكرام بنت الكريم 6-إيثار الرسول-ص- 7-إساءة .... و إحسان لحوم البشر 5-ظن ...و غيبة 6-قتل بالعين 7-لن أسبك أبداً العباءة 4-أم الكبائر 5-الشرك الأصغر 6-لا نذر لك 7-جلساء السوء
246 1 3 _aج11: 1- دعوة المظلوم 2-عذاب البخيل 3- الكذاب 4-أكل
246 1 3 _aج12: 1-الغضب من الشيطان 2-القتل الاول 3-سارق
264 1 _aالقاهرة :
_bشركة الفرسان 2000،
_c2001.
300 _aج
650 1 7 _aالحديث الشريف
653 _aناشئون صغار (10-14 سنة)
942 _2ddc
_cBK
999 _c101421
_d101421